000 01829cam a22004814i 4500
003 PE-LiUPU
005 20250731184516.0
008 150617s r 000 0 d
035 _a(Sirsi) a16772
040 _aPE-LiUPU
_bspa
_cPE-LiUPU
_erda
049 _aPRUA
082 0 4 _a985.712
_bO74
_221
100 1 _aOrtíz, Dionisio.,
_eautor.
245 1 3 _aEl pachitea y el alto Ucayal :
_bvisión histórica de dos importantes regiones de la selva peruana.
_n2.
264 1 _aLima :
_bSan Antonio,
_c1974.
300 _apáginas 495-943 ;
_c24 cm
336 _atext
_2rdacontent
337 _aunmediated
_2rdamedia
338 _avolume
_2rdacarrier
504 _aIncluye bibliografía.
505 0 _aLa revolución Cervantina -- Otros importantes acontecimientos del Pachitea -- Incorporation definitiva a la civilización del Alto Ucayali -- La misión Franciscana de Atalaya -- El alto Ucayali en los últimos años -- El Pachitea en los últimos años -- Estado actual del Alto Ucayali -- Estado actual del Pachitea.
526 _aP136
526 _aP135
526 _aP134
526 _aP133
526 _aP144
526 _aP143
526 _aP87
526 _aP35
526 _aP20
526 _aP14
526 _aP10
526 _aP06
650 0 4 _aPACHITEA, Perú
_xHISTORIA.
650 0 4 _aUCAYALI, Perú
_xHISTORIA.
910 _ajck
_bjvq
_cjck
_d20150616
942 _2ddc
_cBOOK
949 _a985.712 O74 2
_wDEWEY
_c1
_i15818
_lCCODEBUL1
_mBUL
_p
_r0
_sY
_tBOOK
_u19780522
_xEDUCACION
_zUNKNOWN
_0COMPRA
_o.STAFF. Colección General
994 _aC0
_bPEPRU
596 _a1
999 _a985.712 O74 2
_wDEWEY
_c16278
_i15818
_f2021-11-8
_g5
_lCCODEBUL1
_mBUL
_r0
_sY
_tBOOK
_u2015-6-17
_xBIBLIOTECA
_zUNKNOWN
_0COMPRA
_o.STAFF. Colección General
_d16278
980 _81
_gALBERTO SANCHEZ Responsable de Automatización